[Event "Calgary op 10th"]
[Site "Calgary"]
[Date "2017.08.06"]
[Round "8"]
[White "Ebrahim Shirazi, Behrooz"]
[Black "Findlay, Ian T"]
[Result "1/2-1/2"]
[WhiteElo "2037"]
[BlackElo "2226"]
[PlyCount "73"]
[EventDate "2017.08.02"]
[EventType "swiss"]
[EventRounds "9"]
[EventCountry "CAN"]
[SourceTitle "EXT 2018"]
[Source "ChessBase"]
[SourceDate "2017.10.13"]
[SourceVersion "1"]
[SourceVersionDate "2017.10.13"]
[SourceQuality "1"]

1. d4 Nf6 2. c4 c5 3. d5 e6 4. Nc3 exd5 5. cxd5 d6 6. Nf3 g6 7. g3 Bg7 8. Bg2 0-0 9. 0-0 a6 10. a4 Nbd7 11. Nd2 Re8 12. h3 Rb8 13. Nc4 Ne5 14. Na3 Nh5 15. Kh2 Bd7 16. f4 b5 17. axb5 axb5 18. Ne4 b4 19. Nxd6 bxa3 20. Rxa3 Rf8 21. fxe5 Bxe5 22. Nc4 Bd4 23. Bh6 Re8 24. b3 Bb5 25. e4 Bxc4 26. bxc4 Rb2 27. Qf3 Qd7 28. Be3 Be5 29. Bf2 Reb8 30. Kg1 Rxf2 31. Rxf2 Nxg3 32. Bf1 Nh5 33. Kh1 Qe7 34. Qg4 Bd4 35. Re2 Rb1 36. Rf3 Be5 37. Kg2 1/2-1/2

[Event "Calgary op 10th"]
[Site "Calgary"]
[Date "2017.08.06"]
[Round "7"]
[White "Matras Clement, Agnieszka"]
[Black "Ebrahim Shirazi, Behrooz"]
[Result "1-0"]
[WhiteElo "2230"]
[BlackElo "2037"]
[PlyCount "65"]
[EventDate "2017.08.02"]
[EventType "swiss"]
[EventRounds "9"]
[EventCountry "CAN"]
[SourceTitle "EXT 2018"]
[Source "ChessBase"]
[SourceDate "2017.10.13"]
[SourceVersion "1"]
[SourceVersionDate "2017.10.13"]
[SourceQuality "1"]

1. e4 e6 2. d4 d5 3. Nd2 Nf6 4. e5 Nfd7 5. Bd3 c5 6. c3 Nc6 7. Ne2 f6 8. Nf4 Qe7 9. Qh5+ Qf7 10. exf6 Nxf6 11. Qxf7+ Kxf7 12. Nf3 cxd4 13. cxd4 Bb4+ 14. Bd2 Bd6 15. 0-0 Re8 16. Rfe1 e5 17. dxe5 Nxe5 18. Ng5+ Kg8 19. Bb5 Re7 20. h4 h6 21. Ngh3 Bf5 22. Bc3 Rd8 23. Rad1 Bxh3 24. Nxh3 Ne4 25. Bd4 Nc6 26. Be3 Bb4 27. Re2 Nf6 28. Nf4 Kh7 29. Rc2 Ng4 30. Bd3+ Kg8 31. Nxd5 Rxd5 32. Bc4 Nxe3 33. fxe3 1-0

[Event "Calgary op 10th"]
[Site "Calgary"]
[Date "2017.08.04"]
[Round "4"]
[White "Ebrahim Shirazi, Behrooz"]
[Black "Chandra, Anand Rishi"]
[Result "0-1"]
[WhiteElo "2037"]
[BlackElo "1682"]
[PlyCount "72"]
[EventDate "2017.08.02"]
[EventType "swiss"]
[EventRounds "9"]
[EventCountry "CAN"]
[SourceTitle "EXT 2018"]
[Source "ChessBase"]
[SourceDate "2017.10.13"]
[SourceVersion "1"]
[SourceVersionDate "2017.10.13"]
[SourceQuality "1"]

1. d4 Nf6 2. c4 g6 3. Nc3 d5 4. Nf3 Bg7 5. Bg5 c6 6. e3 h6 7. Bh4 e6 8. Bd3 Nbd7 9. 0-0 0-0 10. h3 Re8 11. e4 dxe4 12. Nxe4 e5 13. d5 cxd5 14. cxd5 g5 15. Bg3 Nxe4 16. Bxe4 Nc5 17. Qc2 Nxe4 18. Qxe4 f5 19. Qc4 f4 20. Bh2 e4 21. Nd2 Bf5 22. Rfe1 Rc8 23. Qb3 Qa5 24. Rad1 e3 25. fxe3 Bc2 26. Qxb7 Bxd1 27. Rxd1 fxe3 28. Nf3 e2 29. Re1 Qc5+ 30. Kh1 Re7 31. Qb3 Qe3 32. d6+ Qxb3 33. axb3 Re6 34. Kg1 Kf7 35. Kf2 Rc2 36. g4 Bxb2 0-1

[Event "Calgary int qual"]
[Site "Calgary"]
[Date "2017.06.10"]
[Round "3.1"]
[White "Findlay, Ian T"]
[Black "Ebrahim Shirazi, Behrooz"]
[Result "1-0"]
[WhiteElo "2280"]
[BlackElo "2076"]
[PlyCount "67"]
[EventDate "2017.06.??"]
[EventType "swiss"]
[EventRounds "5"]
[EventCountry "CAN"]
[SourceTitle "EXT 2022"]
[Source "ChessBase"]
[SourceDate "2021.10.06"]
[SourceVersion "1"]
[SourceVersionDate "2021.10.06"]
[SourceQuality "1"]

1. e4 e6 2. d4 d5 3. Nd2 Nf6 4. e5 Nfd7 5. Bd3 c5 6. c3 Nc6 7. Ne2 f6 8. exf6 Qxf6 9. Nf3 Bd6 10. Bg5 Qf7 11. Bh4 e5 12. dxe5 Ndxe5 13. Nxe5 Bxe5 14. Bg3 0-0 15. 0-0 Bg4 16. f3 Bd7 17. f4 Bc7 18. f5 Bxg3 19. Nxg3 Ne5 20. Be2 Bc6 21. Qd2 Nd7 22. Bh5 Qe7 23. Rae1 Qd8 24. Bf3 Nf6 25. Re6 Ne4 26. Bxe4 dxe4 27. Qf4 Qd5 28. Qxe4 Qxa2 29. Qe2 Rae8 30. c4 Kh8 31. Re1 Qa4 32. f6 gxf6 33. Re7 Qa5 34. Nf5 1-0

[Event "Calgary Schleinich Memorial-B"]
[Site "Calgary"]
[Date "2017.01.07"]
[Round "3.5"]
[White "Rogers, Dustin"]
[Black "Ebrahim Shirazi, Behrooz"]
[Result "0-1"]
[WhiteElo "1931"]
[BlackElo "2012"]
[PlyCount "96"]
[EventDate "2017.01.06"]
[EventType "tourn"]
[EventRounds "5"]
[EventCountry "CAN"]
[SourceTitle "EXT 2022"]
[Source "ChessBase"]
[SourceDate "2021.10.06"]
[SourceVersion "1"]
[SourceVersionDate "2021.10.06"]
[SourceQuality "1"]

1. e4 e6 2. d4 d5 3. Nc3 Bb4 4. e5 c5 5. a3 Bxc3+ 6. bxc3 Qa5 7. Bd2 Qa4 8. Qb1 c4 9. Ne2 Nc6 10. g3 Nge7 11. Nf4 Bd7 12. Bh3 h5 13. Qd1 h4 14. Nh5 hxg3 15. hxg3 Rh7 16. Bxe6 Bxe6 17. Nf6+ gxf6 18. Rxh7 0-0-0 19. exf6 Ng8 20. Bg5 Re8 21. Kf1 Nb8 22. Ra2 Nd7 23. Qf3 Qb5 24. Ra1 Qb2 25. Re1 Qxc2 26. Rh8 Qg6 27. Rxe6 Rxe6 28. Qxd5 Re8 29. Qxc4+ Kb8 30. Bf4+ Ka8 31. Qc7 Ndxf6 32. Be5 Ng4 33. Rh4 Nxe5 34. dxe5 Qa6+ 35. Kg1 Qe6 36. Rd4 Qc8 37. Qxf7 Ne7 38. Rc4 Nc6 39. f4 Qd8 40. Qh5 Rh8 41. Qe2 Qd5 42. Re4 Qc5+ 43. Kg2 Qxc3 44. e6 Qf6 45. Qc4 Qh6 46. Re2 Qh1+ 47. Kf2 Rh2+ 48. Ke3 Qg1+ 0-1

[Event "Calgary op"]
[Site "Calgary"]
[Date "2016.07.30"]
[Round "6"]
[White "Ebrahim Shirazi, Behrooz"]
[Black "Bates, Darren"]
[Result "1/2-1/2"]
[WhiteElo "2050"]
[BlackElo "1867"]
[PlyCount "65"]
[EventDate "2016.07.27"]
[EventType "swiss"]
[EventRounds "9"]
[EventCountry "CAN"]
[SourceTitle "CBM 173 Extra"]
[Source "ChessBase"]
[SourceDate "2016.08.29"]
[SourceVersion "1"]
[SourceVersionDate "2016.08.29"]
[SourceQuality "1"]

1. d4 f5 2. g3 e6 3. Bg2 Nf6 4. c4 Bb4+ 5. Nd2 c6 6. a3 Be7 7. Qc2 d5 8. Ngf3 0-0 9. 0-0 Bd6 10. c5 Bc7 11. b4 Qe8 12. Bb2 Qh5 13. e3 Nbd7 14. b5 Ne4 15. bxc6 Ndf6 16. cxb7 Bxb7 17. Nxe4 fxe4 18. Ne5 Ba6 19. h3 Bxf1 20. Rxf1 Bxe5 21. dxe5 Nd7 22. Rc1 Rfc8 23. Bd4 Rc7 24. g4 Qg5 25. Qb2 Rb8 26. Qc3 Qe7 27. Bf1 Rbc8 28. Ba6 Rxc5 29. Bxc8 Rxc3 30. Rxc3 Nb6 31. Bxb6 axb6 32. Rc6 Qxa3 33. Bxe6+ 1/2-1/2

[Event "Red Deer Battle of Alberta"]
[Site "Red Deer"]
[Date "2014.09.13"]
[Round "1.8"]
[White "Ebrahim Shirazi, Behrooz"]
[Black "Miller, David"]
[Result "0-1"]
[WhiteElo "2188"]
[BlackElo "2235"]
[PlyCount "85"]
[EventDate "2014.09.13"]
[EventType "team-match"]
[EventRounds "2"]
[EventCountry "CAN"]
[SourceTitle "EXT 2022"]
[Source "ChessBase"]
[SourceDate "2021.10.06"]
[SourceVersion "1"]
[SourceVersionDate "2021.10.06"]
[SourceQuality "1"]
[WhiteTeam "South"]
[BlackTeam "North"]
[WhiteTeamCountry "CAN"]
[BlackTeamCountry "CAN"]

1. d4 Nf6 2. c4 g6 3. g3 Bg7 4. Bg2 0-0 5. Nc3 d6 6. Nf3 Nbd7 7. 0-0 e5 8. e4 a6 9. Re1 exd4 10. Nxd4 Ng4 11. h3 Qf6 12. Nf3 Nge5 13. Nd5 Nxf3+ 14. Bxf3 Qd8 15. Bg2 c6 16. Ne3 Nc5 17. Rb1 Re8 18. Qc2 f5 19. f3 fxe4 20. fxe4 Ne6 21. Nf1 Nd4 22. Qd1 d5 23. cxd5 cxd5 24. Kh2 dxe4 25. Be3 Bf5 26. Bxd4 Qxd4 27. Qxd4 Bxd4 28. g4 Be6 29. b3 Bd5 30. Rbd1 Bc3 31. Re3 Be5+ 32. Kh1 Rad8 33. Re2 Bc7 34. Ne3 Bc6 35. Rxd8 Rxd8 36. Kg1 Bb6 37. Kh2 Rd3 38. Nf1 Bc7+ 39. Kh1 Rd1 40. Kg1 Bb5 41. Rxe4 Bb6+ 42. Kh2 Bxf1 43. Re8+ 0-1

[Event "Red Deer Battle of Alberta"]
[Site "Red Deer"]
[Date "2014.09.13"]
[Round "2.8"]
[White "Miller, David"]
[Black "Ebrahim Shirazi, Behrooz"]
[Result "1-0"]
[WhiteElo "2235"]
[BlackElo "2188"]
[PlyCount "173"]
[EventDate "2014.09.13"]
[EventType "team-match"]
[EventRounds "2"]
[EventCountry "CAN"]
[SourceTitle "EXT 2022"]
[Source "ChessBase"]
[SourceDate "2021.10.06"]
[SourceVersion "1"]
[SourceVersionDate "2021.10.06"]
[SourceQuality "1"]
[WhiteTeam "North"]
[BlackTeam "South"]
[WhiteTeamCountry "CAN"]
[BlackTeamCountry "CAN"]

1. e4 e6 2. d4 d5 3. Nc3 Bb4 4. e5 c5 5. a3 Bxc3+ 6. bxc3 Qa5 7. Bd2 Qa4 8. Qb1 c4 9. h4 Ne7 10. h5 h6 11. Nf3 Nbc6 12. Nh4 Bd7 13. Be2 0-0-0 14. f4 Rdf8 15. 0-0 Nf5 16. Nf3 Ng3 17. Rf2 Ne4 18. Rf1 f5 19. Be1 Be8 20. Nh4 Qa5 21. Qb2 Qd8 22. Rb1 Qe7 23. g4 b6 24. gxf5 exf5 25. Kh2 Nd2 26. Bxd2 Qxh4+ 27. Kg2 Kc7 28. Rh1 Qe7 29. Bf3 Qe6 30. Rbg1 Rfg8 31. Kf2 g6 32. hxg6 Rxg6 33. Qc1 Rhg8 34. Rxg6 Rxg6 35. Rg1 Ne7 36. Rxg6 Qxg6 37. Qh1 Bf7 38. Qh4 Kd7 39. Qh1 b5 40. Qb1 Qb6 41. Qb4 a5 42. Qb1 Qc6 43. Qh1 Qg6 44. Ke3 Kc6 45. Be1 Nc8 46. Bh4 a4 47. Kf2 Nb6 48. Be7 h5 49. Qh4 Nc8 50. Bf6 Kd7 51. Qg5 Ke6 52. Bd8 Qxg5 53. fxg5 Na7 54. Kg3 Nc6 55. Bf6 b4 56. cxb4 Nxb4 57. Bd1 c3 58. Bd8 Nc6 59. Bb6 Bg6 60. Kf4 h4 61. Bc5 Be8 62. Be2 Bg6 63. Bb5 h3 64. Kg3 Nxe5 65. dxe5 f4+ 66. Kxh3 Bxc2 67. Bd4 Bf5+ 68. Kg2 c2 69. Bb2 d4 70. Bxa4 d3 71. Bc1 Kxe5 72. Kf2 Be4 73. Bb3 Kf5 74. g6 Kxg6 75. Bxf4 Kf6 76. Bc1 Ke7 77. Ke3 Bh1 78. Kxd3 Kd7 79. Kxc2 Kc6 80. Kc3 Kb7 81. Kb4 Ka8 82. a4 Bg2 83. Kc5 Kb7 84. a5 Bf1 85. Bd5+ Ka6 86. Bd2 Be2 87. Kc6 1-0

[Event "Calgary op"]
[Site "Calgary"]
[Date "2013.05.17"]
[Round "5"]
[White "Ebrahim Shirazi, Behrooz"]
[Black "Haessel, Dale R"]
[Result "1-0"]
[WhiteElo "2063"]
[BlackElo "2171"]
[PlyCount "69"]
[EventDate "2013.05.14"]
[EventType "swiss"]
[EventRounds "9"]
[EventCountry "CAN"]
[SourceTitle "CBM 154 Extra"]
[Source "ChessBase"]
[SourceDate "2013.06.25"]
[SourceVersion "2"]
[SourceVersionDate "2013.06.25"]
[SourceQuality "1"]

1. d4 Nf6 2. c4 g6 3. Nc3 d5 4. cxd5 Nxd5 5. Bd2 Bg7 6. e4 Nb6 7. Be3 Nc6 8. Bb5 0-0 9. Nge2 Nb4 10. Qb3 a5 11. a3 Na6 12. 0-0 Bd7 13. Bd3 e5 14. d5 a4 15. Qc2 Qe7 16. Bxb6 cxb6 17. Nxa4 Rfc8 18. Nac3 b5 19. b4 Nc7 20. Qb3 Qd6 21. Rfd1 Bf8 22. Rac1 Qb6 23. Nb1 Bh6 24. Rc3 Rf8 25. Nd2 Ne8 26. Nf3 Qd6 27. h3 f5 28. exf5 gxf5 29. Bc2 Nf6 30. Nh4 e4 31. Nd4 Nh5 32. Ne6 Rf6 33. Rg3+ Kh8 34. Qc3 Rg8 35. Nxf5 1-0

[Event "Calgary op"]
[Site "Calgary"]
[Date "2013.05.17"]
[Round "6"]
[White "Ebrahim Shirazi, Behrooz"]
[Black "Piasetski, Leon David"]
[Result "0-1"]
[WhiteElo "2063"]
[BlackElo "2282"]
[PlyCount "48"]
[EventDate "2013.05.14"]
[EventType "swiss"]
[EventRounds "9"]
[EventCountry "CAN"]
[SourceTitle "CBM 154 Extra"]
[Source "ChessBase"]
[SourceDate "2013.06.25"]
[SourceVersion "2"]
[SourceVersionDate "2013.06.25"]
[SourceQuality "1"]

1. d4 Nf6 2. c4 e6 3. Nc3 c5 4. d5 exd5 5. cxd5 d6 6. Nf3 a6 7. a4 g6 8. h3 Bg7 9. Bf4 Nh5 10. Bh2 f5 11. e3 0-0 12. Be2 f4 13. e4 Nd7 14. Nd2 Ne5 15. Nc4 f3 16. gxf3 Nf4 17. Bxf4 Rxf4 18. Nxe5 Bxe5 19. Qd2 Bd7 20. Kd1 b5 21. Kc2 bxa4 22. Nxa4 Bb5 23. Ra3 Qf6 24. Nb6 Rb8 0-1

[Event "Calgary op"]
[Site "Calgary"]
[Date "2013.05.16"]
[Round "4"]
[White "Gardner, Robert"]
[Black "Ebrahim Shirazi, Behrooz"]
[Result "0-1"]
[WhiteElo "2217"]
[BlackElo "2063"]
[PlyCount "92"]
[EventDate "2013.05.14"]
[EventType "swiss"]
[EventRounds "9"]
[EventCountry "CAN"]
[SourceTitle "CBM 154 Extra"]
[Source "ChessBase"]
[SourceDate "2013.06.25"]
[SourceVersion "2"]
[SourceVersionDate "2013.06.25"]
[SourceQuality "1"]

1. d4 d5 2. c4 e6 3. Nc3 Be7 4. cxd5 exd5 5. Bf4 c6 6. e3 Nf6 7. Bd3 0-0 8. Qc2 Re8 9. Nf3 Nbd7 10. 0-0 Nf8 11. h3 Ng6 12. Bh2 Bd6 13. Rab1 Bxh2+ 14. Kxh2 Qd6+ 15. Kg1 Qe7 16. b4 Ne4 17. b5 Nh4 18. Ne5 Nxc3 19. Qxc3 Qg5 20. g4 f6 21. f4 Qh6 22. bxc6 fxe5 23. cxb7 Bxb7 24. Rxb7 exf4 25. Rxf4 Rf8 26. Qc7 Nf3+ 27. Kf2 Nxd4 28. Qe5 Ne6 29. Rxf8+ Rxf8+ 30. Bf5 Ng5 31. Ke2 Qa6+ 32. Bd3 Qxb7 33. Qxg5 Qb2+ 34. Kd1 Qa1+ 35. Ke2 Qxa2+ 36. Ke1 Qb3 37. Bf5 Re8 38. Ke2 Qb2+ 39. Kf3 Qe5 40. h4 g6 41. h5 Qxe3+ 42. Qxe3 Rxe3+ 43. Kxe3 gxf5 44. gxf5 a5 45. Kd4 a4 46. Kc3 Kf7 0-1

[Event "North American op 22nd"]
[Site "Las Vegas"]
[Date "2012.12.29"]
[Round "7"]
[White "Ebrahim Shirazi, Behrooz"]
[Black "Kavutskiy, Konstantin"]
[Result "1-0"]
[WhiteElo "2036"]
[BlackElo "2299"]
[PlyCount "75"]
[EventDate "2012.12.26"]
[EventType "swiss"]
[EventRounds "9"]
[EventCountry "USA"]
[SourceTitle "CBM 152 Extra"]
[Source "ChessBase"]
[SourceDate "2013.02.25"]
[SourceVersion "1"]
[SourceVersionDate "2013.02.25"]
[SourceQuality "1"]

1. d4 Nf6 2. c4 e6 3. Nc3 Bb4 4. Bg5 h6 5. Bh4 c5 6. d5 Bxc3+ 7. bxc3 d6 8. e3 e5 9. Bd3 Nbd7 10. e4 Qe7 11. f3 Nf8 12. Ne2 g5 13. Bf2 Ng6 14. Qd2 Nh5 15. g3 Qf6 16. Ng1 0-0 17. h4 gxh4 18. Qxh6 Ngf4 19. Qxf6 Nxd3+ 20. Kd2 Nxf6 21. Kxd3 hxg3 22. Bxg3 Kg7 23. Ne2 Rh8 24. Bh4 Rh6 25. Rag1+ Rg6 26. f4 exf4 27. Nxf4 Rg4 28. Rf1 Nd7 29. Be7 Ne5+ 30. Ke2 f5 31. Bxd6 Nxc4 32. Bxc5 fxe4 33. Bd4+ Kf7 34. Rh7+ Ke8 35. Rh8+ Kd7 36. Ne6 b6 37. Rf7+ Kd6 38. Rd8+ 1-0

[Event "Philadelphia int op 9th"]
[Site "Philadelphia"]
[Date "2012.07.02"]
[Round "8"]
[White "Ebrahim Shirazi, Behrooz"]
[Black "Aaron, Deepak"]
[Result "1/2-1/2"]
[WhiteElo "2070"]
[BlackElo "2263"]
[PlyCount "68"]
[EventDate "2012.06.29"]
[EventType "swiss"]
[EventRounds "9"]
[EventCountry "USA"]
[SourceTitle "CBM 149 Extra"]
[Source "ChessBase"]
[SourceDate "2012.08.24"]
[SourceVersion "1"]
[SourceVersionDate "2012.08.24"]
[SourceQuality "1"]

1. d4 d5 2. c4 c6 3. Nf3 Nf6 4. e3 a6 5. Qc2 g6 6. Nc3 Bg7 7. Be2 0-0 8. 0-0 b5 9. b3 Bf5 10. Bd3 Bxd3 11. Qxd3 Nbd7 12. cxd5 Nxd5 13. Nxd5 cxd5 14. Bd2 Qb6 15. Bb4 Rfe8 16. Rac1 Bf8 17. Bc5 Qb7 18. Qd2 a5 19. a3 Rec8 20. Rc2 b4 21. axb4 axb4 22. Rfc1 Ra3 23. Qd3 Ra6 24. h4 Rac6 25. h5 e5 26. hxg6 hxg6 27. e4 exd4 28. Bxf8 Rxc2 29. Rxc2 Rxc2 30. Qxc2 Nxf8 31. Nxd4 dxe4 32. Qc6 Qa7 33. Qxe4 Qa1+ 34. Kh2 Qd1 1/2-1/2

[Event "Fouesnant op 04th"]
[Site "Fouesnant"]
[Date "1998.10.31"]
[Round "9"]
[White "Bergez, Luc"]
[Black "Ebrahim Shirazi, Behrooz"]
[Result "1-0"]
[WhiteElo "2420"]
[BlackElo "1499"]
[PlyCount "39"]
[EventDate "1998.10.24"]
[EventType "swiss"]
[EventRounds "9"]
[EventCountry "FRA"]
[SourceTitle "EXT 2001"]
[Source "ChessBase"]
[SourceDate "2000.11.22"]
[SourceVersion "1"]
[SourceVersionDate "2000.11.22"]
[SourceQuality "1"]

1. e4 e6 2. d4 d5 3. exd5 exd5 4. Nf3 Bd6 5. c4 c6 6. Nc3 Ne7 7. Be2 0-0 8. 0-0 Bf5 9. Re1 Nd7 10. a4 dxc4 11. Bxc4 Nb6 12. Bb3 Nbd5 13. Ne5 f6 14. Nc4 Bb4 15. Ne3 Bg6 16. Bd2 Bf7 17. Ncxd5 Nxd5 18. Bxd5 Bxd2 19. Bxf7+ Rxf7 20. Qxd2 1-0

[Event "Fouesnant op 04th"]
[Site "Fouesnant"]
[Date "1998.10.27"]
[Round "5"]
[White "Ebrahim Shirazi, Behrooz"]
[Black "Baudin, Frederic"]
[Result "1-0"]
[WhiteElo "1499"]
[BlackElo "2205"]
[PlyCount "57"]
[EventDate "1998.10.24"]
[EventType "swiss"]
[EventRounds "9"]
[EventCountry "FRA"]
[SourceTitle "EXT 2001"]
[Source "ChessBase"]
[SourceDate "2000.11.22"]
[SourceVersion "1"]
[SourceVersionDate "2000.11.22"]
[SourceQuality "1"]

1. d4 d5 2. c4 e5 3. dxe5 d4 4. e4 Nc6 5. f4 f6 6. Nf3 fxe5 7. Bd3 Bb4+ 8. Nbd2 Nf6 9. Nxe5 Nxe5 10. fxe5 Bxd2+ 11. Bxd2 Ng4 12. 0-0 Qh4 13. h3 Nxe5 14. Bf4 Ng6 15. Bxc7 Bd7 16. Qf3 Rf8 17. Qg3 Rxf1+ 18. Rxf1 Qxg3 19. Bxg3 Be6 20. Bd6 Kd7 21. e5 Rc8 22. b3 b6 23. Bxg6 hxg6 24. Rd1 Bf5 25. Rxd4 Ke6 26. Kf2 Bb1 27. Rd2 Rd8 28. Ke3 Rd7 29. Rb2 1-0